| 000 | 00923nam a22003017a 4500 | ||
|---|---|---|---|
| 001 | BR9507114 | ||
| 003 | BR-BrBNA | ||
| 005 | 20230928094711.0 | ||
| 007 | ta | ||
| 008 | 230509b bl.||||| |||| 00| 0 por d | ||
| 040 |
_aBR-BrBNA _bpor _cBiblioteca Nacional de Agricultura |
||
| 041 | _a(Por) | ||
| 072 | _aH10 | ||
| 090 | _ H10 BR9507114 | ||
| 100 | 1 | _aAlves, L.F.A. | |
| 110 | 1 |
_aEscola Superior de Agricultura Luiz de Queiroz, Piracicaba, SP (Brasil) _0Tese (Mestre em Ciencias) |
|
| 245 | 1 | _aProducao de Bacillus thuringiensis Berliner var. Kurstaki em meios alternativos | |
| 260 | 3 |
_aPiracicaba, SP (Brasil): _c1994. |
|
| 300 | _a89 p. | ||
| 500 | _aSummaries (Eng, Por); 71 ref.; 12 tables; 7 illus. | ||
| 650 | _aBacteria | ||
| 650 | _aControle Biologico | ||
| 650 | _aMeio de Cultura | ||
| 650 | _aEsporo | ||
| 650 | _aResiduo Industrial | ||
| 909 |
_a202309 _bLucia _c55 _dLucia Elande |
||
| 942 | _cBK | ||
| 999 |
_c52162 _d52162 |
||